000 01048nam a22002775a 4500
008 081028t1978 xxua frb 001 0 eng d
010 _a 74081443
020 _a0520028244
_a0520035003
040 _aEG-ScBUE
_ben
_cEG-ScBUE
082 0 4 _a300.1
_bWEB
100 1 _aweber, max,
_9717
245 1 0 _aEconomy and Society :
_ban outline of interpretive sociology /
_cMax Weber ; Edited by Guenther Roth and Claus Wittich ; Translated by Ephraim Fischoff ... [et. al.].
260 _aBerkeley ;
_aLondon :
_bUniversity of California Press,
_cc. 1978.
300 _a2 v. ;
_c24 cm.
500 _aTranslation of Wirtschaft und Gesellschaft, based on the 4th German ed.
504 _aIncludes bibliographical references and index.
590 _aMohamed Hussein
650 0 _aSociology.
_9718
_2BUEsh
650 0 _aEconomics.
_9720
_2BUEsh
651 _2BUEsh
653 _bBUSECO
_cAugust2015
700 1 _aRoth, Guenther.
_eeditor
_9721
700 1 _aWittich, Claus.
_eeditor
_9722
700 1 _aFischoff, Ephraim.
_9723
942 _cBB
_k300.1WEB
_2ddc
999 _c3828
_d3828